000 00837nam a2200253Ia 4500
003 OSt
005 20220918171321.0
006 a|||||r|||| 00| 0
007 ta
008 220917b |||||||| |||| 00| 0 eng d
020 _a9781474442780 (hbk)
_cUKP 95.00
024 _a348,759
037 _b8558, 05/02/2019, Efficient Book Distributors
_cTextual
040 _aARTS
_cARTS
_beng
041 _2eng
_aeng
082 _aV45, Q7
100 _aEsfanjary Eisa Au.
_935737
245 0 _aPerisan historic urban landscpes
_b interpreting and managing maibud over 6000 years
260 _aEdinburgh
_bEdinburgh University press
_c2017
300 _axiii,242p.
_ccm.
650 _aIRAN - HISTORY
942 _hV45, Q7
_cTEXL
_2CC
999 _c139001
_d139001